Biblioteca y Centro de Documentación

El accidente de trabajo en la Seguridad Social (Registro nro. 15971)

Detalles MARC
000 -CABECERA
Longitud fija campo de control 01572nam a2200361 c 4500
001 - NÚMERO DE CONTROL
Número de control 15971
003 - IDENTIFICADOR DE NÚMERO DE CONTROL
Identificador del número de control ES-MaCES
005 - FECHA Y HORA DE LA ÚLTIMA TRANSACCIÓN
Fecha y hora de la última transacción 20150309133324.0
008 - CAMPO FIJO DE DESCRIPCIÓN FIJA--INFORMACIÓN GENERAL
Códigos de información de longitud fija   040120s2003 sp t 100 | spa d
017 ## - NÚMERO DE REGISTRO DE DERECHOS DE AUTOR Y DEPÓSITO LEGAL
Número de copyright o de depósito legal B 47757-2003
Agencia que asigna el número DL
035 ## - NÚMERO DE CONTROL DEL SISTEMA
Número de control del sistema CES20040000415m
040 ## - FUENTE DE CATALOGACIÓN
Centro catalogador de origen ES-MaCES
Lengua de catalogación spa
Centro transcriptor ES-MaCES
110 2# - ENCABEZAMIENTO PRINCIPAL--NOMBRE CORPORATIVO
Nombre de entidad corporativa o nombre de jurisdicción como elemento inicial Asociación Profesional del Cuerpo Superior de Letrados de la Administración de la Seguridad Social
Unidad subordinada Jornadas
Número del congreso o número de parte o sección de la obra
Fecha del congreso o de la firma de un tratado 2003
Sede del congreso Santander
9 (RLIN) 1519
245 13 - MENCIÓN DE TÍTULO
Título El accidente de trabajo en la Seguridad Social
Mención de responsabilidad, etc. VII Jornadas de la Asociación Profesional del Cuerpo Superior de la Administración de la Seguridad Social, [celebradas el día 21 de marzo de 2003 en el Palacio de la Magdalena de Santander] ; César Tolosa Triviño ...[et al.]
260 ## - PUBLICACIÓN, DISTRIBUCIÓN, ETC (PIE DE IMPRENTA)
Lugar de publicación, distribución, etc. [Barcelona?]
Nombre del editor, distribuidor, etc. Asociación Profesional del Cuerpo Superior de Letrados de la Administración de la Seguridad Social
Fecha de publicación, distribución, etc. [2003]
300 ## - DESCRIPCIÓN FÍSICA
Extensión 278 p.
Dimensiones 24 cm
541 ## - NOTA DE LA FUENTE INMEDIANTE DE ADQUISICIÓN
Forma de adquisición Gratuito
650 #4 - ASIENTO SECUNDARIO DE MATERIA--TÉRMINO DE MATERIA
Término de materia o nombre geográfico como elemento inicial accidente de trabajo
9 (RLIN) 28345
650 #4 - ASIENTO SECUNDARIO DE MATERIA--TÉRMINO DE MATERIA
Término de materia o nombre geográfico como elemento inicial riesgo
9 (RLIN) 29564
650 #4 - ASIENTO SECUNDARIO DE MATERIA--TÉRMINO DE MATERIA
Término de materia o nombre geográfico como elemento inicial seguridad
9 (RLIN) 28751
650 #4 - ASIENTO SECUNDARIO DE MATERIA--TÉRMINO DE MATERIA
Término de materia o nombre geográfico como elemento inicial salud en el trabajo
9 (RLIN) 28347
650 #4 - ASIENTO SECUNDARIO DE MATERIA--TÉRMINO DE MATERIA
Término de materia o nombre geográfico como elemento inicial acoso laboral
9 (RLIN) 30708
650 #4 - ASIENTO SECUNDARIO DE MATERIA--TÉRMINO DE MATERIA
Término de materia o nombre geográfico como elemento inicial mutualidad
9 (RLIN) 30256
650 #4 - ASIENTO SECUNDARIO DE MATERIA--TÉRMINO DE MATERIA
Término de materia o nombre geográfico como elemento inicial jurisprudencia
9 (RLIN) 28624
650 #4 - ASIENTO SECUNDARIO DE MATERIA--TÉRMINO DE MATERIA
Término de materia o nombre geográfico como elemento inicial España
9 (RLIN) 26964
650 #4 - ASIENTO SECUNDARIO DE MATERIA--TÉRMINO DE MATERIA
Término de materia o nombre geográfico como elemento inicial conferencia
9 (RLIN) 27013
653 10 - TÉRMINO DE INDEXACIÓN--NO CONTROLADO
Término no controlado Seguridad Social
700 1# - ENCABEZAMIENTO SECUNDARIO--NOMBRE PERSONAL
Nombre de persona Tolosa Tribiño, César
9 (RLIN) 24980
710 2# - ENCABEZAMIENTO SECUNDARIO--NOMBRE CORPORATIVO
Nombre de entidad o nombre de jurisdicción como elemento inicial Asociación Profesional del Cuerpo Superior de Letrados de la Administración de la Seguridad Social
Término indicativo de función ed.
9 (RLIN) 1518
902 ## - CES. TIPO DE DOCUMENTO
Tipodoc (006$c Sirtex) LIB Libro
942 ## - ELEMENTOS KOHA
Fuente de clasificaión o esquema Clasificación propia del CES
Koha [por defecto] tipo de item Monografías
Parte de clasificación 3.0.
Existencias
Número de registro Signatura completa Tipo de item de Koha
055140 SG-3.0.-85 Monografías
© CES, Consejo Económico y Social de España 2021